000
00346nam a2200157Ia 4500
003
OSt
005
20240124095330.0
008
170524s9999 xx 000 0 und d
020
_a
9351429172
040
_c
IIMT UNIVERSITY
100
_a
Ghosh- P. K.
245
0
_a
Industrial Psychology
260
_b
Himalya
260
_c
2005
942
_2
ddc
_c
02
999
_c
6287
_d
6287